Logo biblioteca
Santa Fe 2917, Rosario, Santa Fe
Lu-Vi 8 a 19.45
+54-341-4232362
bibliotecaeudoro@gmail.com
Facebook Biblioteca Pedagógica
Sitio web

Vamos a la naturaleza : (Registro nro. 32512)

Detalles MARC
000 -CABECERA
campo fijo de control de longitud 00510nam a22001817a 4500
001 - NÚMERO DE CONTROL
campo de control 32512
003 - IDENTIFICADOR DEL NÚMERO DE CONTROL
campo de control AR-RoBPED
005 - FECHA Y HORADE LA ULTIMA TRANSACCION
campo de control 20260413123841.0
008 - ELEMENTOS DE LONGITUD FIJA--INFORMACION GENERAL
campo fijo de control de longitud 260407s2022 es a|||ar|||| 000 0 spa d
040 ## - FUENTE CATALOGADORA
Centro catalogador/agencia de origen AR-RoBPED
041 ## - IDIOMA
Código de idioma para texto/pista de sonido o título independiente spa
245 ## - TITULO
Título Vamos a la naturaleza :
Subtítulo busca y encuentra.
260 ## - PUBLICACION
Lugar Oyarzún :
Editor Saldaña,
Fecha 2022.
300 ## - DESCRIPCION FISICA
Otros detalles físicos il.
650 #4 - TERMINO DE MATERIA--CONTROLADO
Término controlado ESTACIONES DEL AÑO
9 (RLIN) 10163
942 ## - ELEMENTOS KOHA
Fuente de clasificación Universal Decimal Classification
Número Koha k. 32512
Koha tipo de ítem Libro
Clasificación 613.13
Pre signatura I
Signatura librística V 24
Inventario Inv. 42369
945 ## - PROCESAMIENTO DE LA INFORMACIÓN LOCAL
Catalogador y fecha mev 07/04/2026 - cd 13/04/2026
Existencias
Estado retirado Estado perdido Fuente de clasificación Estado dañado No se presta Biblioteca propietaria Biblioteca de reserva Fecha de adquisición Procedencia Total de préstamos Signatura topográfica completa Código de barras (nº de inventario) Fecha visto por última vez Catalogador y fecha Tipo de ítem Koha Nota pública
    Universal Decimal Classification     Biblioteca Pedagógica Eudoro Díaz Biblioteca Pedagógica Eudoro Díaz 06/04/2026 Canje   I 613.13 V 24 42369 07/04/2026 mev 07/04/2026 Libro Incluido en las Estaciones de Lectura.